| 000 | 01244nam a2200349 i 4500 | ||
|---|---|---|---|
| 001 | 11573 | ||
| 003 | KOSZ 005 | ||
| 005 | 20221213105424.0 | ||
| 008 | 071119s1968 pl a f f 000 0 pol | ||
| 015 | _aPB 1968/9038 | ||
| 040 |
_aWA N _cWA N _dKOSZ 005/RW _dKOSZ 005/HR |
||
| 046 | _k1968 | ||
| 080 | _a69 | ||
| 080 | _a658.1./.5 | ||
| 100 | 1 |
_aKotyński, Stanisław _eAutor |
|
| 245 | 1 | 0 |
_aGospodarka przedsiębiorstw budowlanych / _cStanisław Kotyński. |
| 260 |
_aWarszawa : _bPaństwowe Wydawnictwo Szkolnictwa Zawodowego, _c1968. |
||
| 300 |
_a147, [1] s., [1] k. tabl. : _bil. ; _c23 cm. |
||
| 336 |
_2rdacontent _aTekst _btxt |
||
| 337 |
_2rdamedia _aBez urządzenia pośredniczącego _bn |
||
| 338 |
_2rdacarrier _aWolumin _bnc |
||
| 380 | _aKsiążki | ||
| 388 | _a1901-2000 | ||
| 388 | _a1945-1989 | ||
| 521 | 8 | _aDla kl. 2 zasadniczej szkoły budowlanej. | |
| 650 | 4 | _aPrzedsiębiorstwo budowlane | |
| 655 | 4 | _aPodręczniki dla szkół zawodowych | |
| 658 | _aArchitektura i budownictwo | ||
| 710 | 2 |
_aPaństwowe Wydawnictwo Szkolnictwa Zawodowego _4pbl. |
|
| 856 |
_uhttp://koha.tu.koszalin.pl/cgi-bin/koha/opac-detail.pl?biblionumber=11573 _yKatalog online BPK |
||
| 942 |
_2UKD _cKS |
||
| 999 |
_c11573 _d11573 |
||